<?xml version="1.0" encoding="UTF-8"?>
<record
    xmlns:xsi="http://www.w3.org/2001/XMLSchema-instance"
    xsi:schemaLocation="http://www.loc.gov/MARC21/slim http://www.loc.gov/standards/marcxml/schema/MARC21slim.xsd"
    xmlns="http://www.loc.gov/MARC21/slim">

  <leader>01637na  a2200301   4500</leader>
  <controlfield tag="001">13527</controlfield>
  <controlfield tag="003">MIRAKIL</controlfield>
  <controlfield tag="005">20181213154946.0</controlfield>
  <controlfield tag="008">161123b        tu            000 0      </controlfield>
  <datafield tag="020" ind1=" " ind2=" ">
    <subfield code="a">9789753761949</subfield>
  </datafield>
  <datafield tag="035" ind1=" " ind2=" ">
    <subfield code="a">13527</subfield>
  </datafield>
  <datafield tag="040" ind1=" " ind2=" ">
    <subfield code="a">Milas</subfield>
    <subfield code="b">tur</subfield>
    <subfield code="c">TR-AnCHP</subfield>
  </datafield>
  <datafield tag="041" ind1=" " ind2=" ">
    <subfield code="a">tur</subfield>
  </datafield>
  <datafield tag="082" ind1=" " ind2=" ">
    <subfield code="a">352.09561</subfield>
    <subfield code="b">E61m 2013</subfield>
  </datafield>
  <datafield tag="090" ind1=" " ind2=" ">
    <subfield code="a">352.09561 E61m 2013</subfield>
  </datafield>
  <datafield tag="100" ind1=" " ind2=" ">
    <subfield code="a">Erbay, Yusuf</subfield>
  </datafield>
  <datafield tag="245" ind1=" " ind2=" ">
    <subfield code="a">Modernle&#x15F;meden k&#xFC;reselle&#x15F;meye T&#xFC;rkiye' de yerel y&#xF6;netimler</subfield>
    <subfield code="b">Tarihi ve bug&#xFC;n&#xFC;</subfield>
    <subfield code="c">Yusuf Erbay ; Hasan Akg&#xFC;n</subfield>
  </datafield>
  <datafield tag="246" ind1=" " ind2=" ">
    <subfield code="a">Tarihi ve bug&#xFC;n&#xFC; : Yerel y&#xF6;netimlerin ortaya &#xE7;ak&#x131;&#x15F;&#x131;, Osmanl&#x131; d&#xF6;nemi, Cumhuriyet d&#xF6;nemi, Avrupa ile b&#xFC;t&#xFC;nle&#x15F;me s&#xFC;reci, Avrupa        Konseyi ile imzalad&#x131;&#x11F;&#x131;m&#x131;z s&#xF6;zle&#x15F;meler, Bat&#x131; Avrupa &#xFC;lkelerinde yerel y&#xF6;netimler, anahtar kavramlar, 21. y&#xFC;zy&#x131;l&#x131;n ba&#x15F;&#x131;nda yap&#x131;lan        reformlar, bug&#xFC;nk&#xFC; yerel y&#xF6;netim yasalar&#x131;, 2012 b&#xFC;y&#xFC;k&#x15F;ehir yasas&#x131; ve de&#x11F;erlendirmeler </subfield>
  </datafield>
  <datafield tag="260" ind1=" " ind2=" ">
    <subfield code="a">&#x130;stanbul</subfield>
    <subfield code="b">Kazanc&#x131; Kitap</subfield>
    <subfield code="c">2013</subfield>
  </datafield>
  <datafield tag="300" ind1=" " ind2=" ">
    <subfield code="a">xvi, 525 s.</subfield>
    <subfield code="c">24 sm.</subfield>
  </datafield>
  <datafield tag="504" ind1=" " ind2=" ">
    <subfield code="a">Kaynak&#xE7;a ve dizin var.</subfield>
  </datafield>
  <datafield tag="505" ind1=" " ind2=" ">
    <subfield code="a">Yerel y&#xF6;netimlerin ortaya &#xE7;ak&#x131;&#x15F;&#x131; - Osmanl&#x131; d&#xF6;nemi - Cumhuriyet d&#xF6;nemi - Avrupa ile b&#xFC;t&#xFC;nle&#x15F;me s&#xFC;reci - Avrupa Konseyi ile imzalad&#x131;&#x11F;&#x131;m&#x131;z s&#xF6;zle&#x15F;meler - Bat&#x131; Avrupa &#xFC;lkelerinde yerel y&#xF6;netimler - anahtar kavramlar - 21. y&#xFC;zy&#x131;l&#x131;n ba&#x15F;&#x131;nda yap&#x131;lan reformlar - bug&#xFC;nk&#xFC; yerel y&#xF6;netim yasalar&#x131; - 2012 b&#xFC;y&#xFC;k&#x15F;ehir yasas&#x131; ve de&#x11F;erlendirmeler </subfield>
  </datafield>
  <datafield tag="650" ind1=" " ind2=" ">
    <subfield code="a">Yerel y&#xF6;netim</subfield>
    <subfield code="x">Tarih</subfield>
    <subfield code="z">T&#xFC;rkiye</subfield>
  </datafield>
  <datafield tag="650" ind1=" " ind2=" ">
    <subfield code="a">Belediyeler</subfield>
    <subfield code="x">Tarih</subfield>
    <subfield code="z">T&#xFC;rkiye</subfield>
  </datafield>
  <datafield tag="650" ind1=" " ind2=" ">
    <subfield code="a">Yerel y&#xF6;netimler</subfield>
    <subfield code="x">Hukuk ve mevzuat</subfield>
    <subfield code="z">T&#xFC;rkiye</subfield>
  </datafield>
  <datafield tag="700" ind1=" " ind2=" ">
    <subfield code="a">Akg&#xFC;n,Hasan</subfield>
  </datafield>
  <datafield tag="942" ind1=" " ind2=" ">
    <subfield code="2">dcc</subfield>
    <subfield code="c">BKS</subfield>
  </datafield>
  <datafield tag="952" ind1=" " ind2=" ">
    <subfield code="a">0001</subfield>
    <subfield code="b">0001</subfield>
    <subfield code="d">2016-08-14</subfield>
    <subfield code="e">2</subfield>
    <subfield code="l">0</subfield>
    <subfield code="o">352.09561 E61m 2013</subfield>
    <subfield code="p">001235</subfield>
    <subfield code="r">2016-08-14 00:00:00</subfield>
    <subfield code="v">0.00</subfield>
    <subfield code="w">2016-08-14</subfield>
    <subfield code="y">BKS</subfield>
  </datafield>
  <datafield tag="952" ind1=" " ind2=" ">
    <subfield code="a">0001</subfield>
    <subfield code="b">0001</subfield>
    <subfield code="d">2016-11-23</subfield>
    <subfield code="e">2</subfield>
    <subfield code="l">0</subfield>
    <subfield code="o">352.09561 E61m 2013</subfield>
    <subfield code="p">008215</subfield>
    <subfield code="r">2016-11-23 00:00:00</subfield>
    <subfield code="t">k.2</subfield>
    <subfield code="w">2016-11-23</subfield>
    <subfield code="y">BKS</subfield>
  </datafield>
  <datafield tag="952" ind1=" " ind2=" ">
    <subfield code="a">0001</subfield>
    <subfield code="b">0001</subfield>
    <subfield code="d">2016-11-28</subfield>
    <subfield code="e">2</subfield>
    <subfield code="l">0</subfield>
    <subfield code="o">352.09561 E61m 2013</subfield>
    <subfield code="p">009748</subfield>
    <subfield code="r">2016-11-28 00:00:00</subfield>
    <subfield code="t">k.3</subfield>
    <subfield code="w">2016-11-28</subfield>
    <subfield code="y">BKS</subfield>
  </datafield>
  <datafield tag="999" ind1=" " ind2=" ">
    <subfield code="c">3873</subfield>
    <subfield code="d">3873</subfield>
  </datafield>
</record>
